Hunger Games Districts - Statistics

General Stats
  • This quiz has been taken 41 times
  • The average score is 8 of 13
Answer Stats
Hint Answer % Correct
District 12 Coal
100%
District 7 Lumber
79%
District 4 Fishing
74%
District 11 Agriculture
72%
District 1 Luxury
72%
District 13 Nuclear
67%
District 3 Technology
62%
District 5 Power
54%
District 6 Transport
54%
District 9 Grain
46%
District 10 Livestock
44%
District 2 Masonry
44%
District 8 Textiles
44%
No matching quizzes found
Score Distribution
Percent of People with Each Score
Percentile by Number Answered
Your Score History
You have not taken this quiz